Los valores del adolescente costarricense

Αποθηκεύτηκε σε:
Λεπτομέρειες βιβλιογραφικής εγγραφής
Κύριος συγγραφέας: Rojas Chávez, Carlos
Συγγραφή απο Οργανισμό/Αρχή: Patronato Nacional de la Infancia. División de Planificación. Departamento de Investigación
Μορφή: Κείμενο
Έκδοση: San José: PANI
Ετικέτες: Προσθήκη ετικέτας
Δεν υπάρχουν, Καταχωρήστε ετικέτα πρώτοι!

MARC

LEADER 00000 a a2200000 04500
001 20985
003
040
090 |a 090200  
100 |a Rojas Chávez, Carlos  
110 |a Patronato Nacional de la Infancia. División de Planificación. Departamento de Investigación  
245 |a Los valores del adolescente costarricense  
260 |a San José:   |b PANI  
300 |a 120 p.  
999 |c 12054  |d 12054